Itinerario de un gobierno democrático / (Registro nro. 4807)
[ vista simple ]
| 000 -LEADER | |
|---|---|
| fixed length control field | 00917nam a2200241Ia 4500 |
| 003 - CONTROL NUMBER IDENTIFIER | |
| control field | OSt |
| 005 - DATE AND TIME OF LATEST TRANSACTION | |
| control field | 20201112102736.0 |
| 008 - FIXED-LENGTH DATA ELEMENTS--GENERAL INFORMATION | |
| fixed length control field | 191128s1981 ck gr 000 0 spa d |
| 040 ## - CATALOGING SOURCE | |
| Transcribing agency | CO-JMCR |
| Original cataloging agency | CO-JMCR |
| 041 0# - LANGUAGE CODE | |
| Language code of text/sound track or separate title | spa |
| 082 04 - DEWEY DECIMAL CLASSIFICATION NUMBER | |
| Classification number | 320.9861 / |
| Item number | T931i |
| Edition number | 23 |
| 110 ## - MAIN ENTRY--CORPORATE NAME | |
| Corporate name or jurisdiction name as entry element | Colombia. |
| Subordinate unit | Presidente (1978-1982 : Turbay Ayala) |
| 9 (RLIN) | 10281 |
| 245 10 - TITLE STATEMENT | |
| Title | Itinerario de un gobierno democrático / |
| Statement of responsibility, etc. | Julio César Turbay Ayala |
| 260 ## - PUBLICATION, DISTRIBUTION, ETC. | |
| Place of publication, distribution, etc. | [Bogotá] : |
| Name of publisher, distributor, etc. | Presidencia de la República, |
| Date of publication, distribution, etc. | [1981?] |
| 300 ## - PHYSICAL DESCRIPTION | |
| Extent | 2 volúmenes ; |
| Dimensions | 23 cm. |
| 505 2# - FORMATTED CONTENTS NOTE | |
| Miscellaneous information | v.5 |
| Title | Febrero a julio de 1981 |
| Miscellaneous information | v.6 |
| Title | Agosto de 1981 a enero de 1982 |
| 650 ## - SUBJECT ADDED ENTRY--TOPICAL TERM | |
| Topical term or geographic name entry element | |
| 9 (RLIN) | 12326 |
| 651 #4 - SUBJECT ADDED ENTRY--GEOGRAPHIC NAME | |
| Geographic name | Colombia |
| General subdivision | administración pública |
| Chronological subdivision | 1978-1982 |
| 9 (RLIN) | 12327 |
| 651 #4 - SUBJECT ADDED ENTRY--GEOGRAPHIC NAME | |
| Geographic name | Colombia |
| General subdivision | Política y gobierno |
| Chronological subdivision | 1978-1982 |
| 9 (RLIN) | 12328 |
| 651 #4 - SUBJECT ADDED ENTRY--GEOGRAPHIC NAME | |
| Geographic name | Colombia |
| General subdivision | condiciones económicas |
| Chronological subdivision | 1978-1982 |
| 9 (RLIN) | 12329 |
| 651 #4 - SUBJECT ADDED ENTRY--GEOGRAPHIC NAME | |
| Geographic name | Colombia |
| General subdivision | condiciones sociales |
| Chronological subdivision | 1978-1982 |
| 9 (RLIN) | 12330 |
| 942 ## - ADDED ENTRY ELEMENTS (KOHA) | |
| Source of classification or shelving scheme | Dewey Decimal Classification |
| Koha item type | Books |
| Withdrawn status | Lost status | Source of classification or shelving scheme | Damaged status | Not for loan | Collection code | Home library | Current library | Date acquired | Source of acquisition | Full call number | Barcode | Date last seen | Copy number | Koha item type |
|---|---|---|---|---|---|---|---|---|---|---|---|---|---|---|
| Dewey Decimal Classification | Non-fiction | Biblioteca Pública José María del Castillo y Rada | Biblioteca Pública José María del Castillo y Rada | 04/15/2018 | Donación | 320.9861 / T931i | 430000542 | 05/16/2024 | V.5-6 / Ej.1 | Books |